Match The Song With The Band! - Statistics

General Stats
  • This quiz has been taken 28 times
  • The average score is 50 of 54
Answer Stats
Question Tile Select % Correct
Which Song Was Made By AC/DC? American Pie No
100%
Which Song Was Made By Queen? Dr. Feelgood No
100%
Which Song Was Made By Creedence Clearwater Revival? Heartbreaker No
100%
Which Song Was Made By AC/DC? Highway Star No
100%
Which Song Was Made By Queen? Holiday No
100%
Which Song Was Made By Metallica? Home Sweet Home No
100%
Which Song Was Made By Queen? Live Wire No
100%
Which Song Was Made By Creedence Clearwater Revival? Moneytalks No
100%
Which Song Was Made By Metallica? My Kinda Lover No
100%
Which Song Was Made By Metallica? November Rain No
100%
Which Song Was Made By Metallica? Rocket Queen No
100%
Which Song Was Made By AC/DC? Run To You No
100%
Which Song Was Made By Queen? Seven Nation Army No
100%
Which Song Was Made By AC/DC? Smoke On The Water No
100%
Which Song Was Made By AC/DC? Sunshine Of Your Love No
100%
Which Song Was Made By Creedence Clearwater Revival? Thunderstruck No
100%
Which Song Was Made By Queen? Wild Side No
100%
Which Song Was Made By AC/DC? You Got Lucky No
100%
Which Song Was Made By Creedence Clearwater Revival? American Pie No
96%
Which Song Was Made By Queen? Can't Get No Satisfaction No
96%
Which Song Was Made By Motley Crue? Come As You Are No
96%
Which Song Was Made By Black Sabbath? Come As You Are No
96%
Which Song Was Made By Queen? Don't Bring Me Down No
96%
Which Song Was Made By Creedence Clearwater Revival? Even Flow No
96%
Which Song Was Made By Metallica? Free Fallin' No
96%
Which Song Was Made By Metallica? Girls, Girls, Girls No
96%
Which Song Was Made By Black Sabbath? Live Wire No
96%
Which Song Was Made By Black Sabbath? Money No
96%
Which Song Was Made By Queen? My Kinda Lover No
96%
Which Song Was Made By Creedence Clearwater Revival? My Kinda Lover No
96%
Which Song Was Made By Black Sabbath? Smells Like Teen Spirit No
96%
Which Song Was Made By AC/DC? Summer of '69 No
96%
Which Song Was Made By Black Sabbath? Time No
96%
Which Song Was Made By AC/DC? War Pigs/Luke's Wall No
96%
Which Song Was Made By Metallica? Don't Bring Me Down No
92%
Which Song Was Made By Motley Crue? Fuel No
92%
Which Song Was Made By AC/DC? Hells Bells Yes
92%
Which Song Was Made By Motley Crue? Highway To Hell No
92%
Which Song Was Made By Black Sabbath? Holiday No
92%
Which Song Was Made By Creedence Clearwater Revival? Kashmir No
92%
Which Song Was Made By Black Sabbath? My Kinda Lover No
92%
Which Song Was Made By Motley Crue? The Great Gig In The Sky No
92%
Which Song Was Made By Black Sabbath? Basket Case No
88%
Which Song Was Made By Creedence Clearwater Revival? I Get Around No
88%
Which Song Was Made By Queen? Radio Gaga Yes
88%
Which Song Was Made By Motley Crue? Start Me Up No
88%
Which Song Was Made By Motley Crue? My Kinda Lover No
84%
Which Song Was Made By Motley Crue? Dirty Deeds Done Dirt Cheap No
80%
Which Song Was Made By Motley Crue? Hells Bells No
80%
Which Song Was Made By Black Sabbath? Paranoid Yes
80%
Which Song Was Made By Metallica? The Great Gig In The Sky No
80%
Which Song Was Made By Creedence Clearwater Revival? Up Around The Bend Yes
76%
Which Song Was Made By Metallica? One Yes
64%
Which Song Was Made By Motley Crue? Take Me To The Top Yes
44%
No matching quizzes found
Score Distribution
Percent of People with Each Score
Percentile by Number Answered
Your Score History
You have not taken this quiz